LEADER 01195nam a2200265 i 4500 001 991001453189707536 008 060131s1984 it 000 0 ita d 035 $ab13374977-39ule_inst 040 $aSet. Economia$bita 082 14$a338.6 245 03$aIl contenuto manageriale del lavoro nella piccola e media impresa :$buna ricerca sui mutamenti tecnologico-organizzativi e sui sistemi professionali e di formazione /$cISFOL-RSO ; a cura di Paolo Montobbio 260 $aMilano :$bAngeli,$c1984 300 $a287 p. ;$c22 cm 490 $aSR, Strumenti e ricerche ;$v8 650 4$aPiccole imprese$xPersonale direttivo$xIstruzione professionale 650 4$aMedie imprese$xPersonale direttivo$xIstruzione professionale 700 1 $aMontobbio, Paolo 710 2 $aISFOL 710 2 $aRSO 907 $a.b13374977$b27-07-18$c31-01-06 912 $a991001453189707536 945 $aLE025 ECO 338.6 MON02.01$g1$i2025000131668$lle025$nCatalogato 2018$o-$pE11.88$q-$rl$s- $t0$u2$v0$w2$x0$y.i14188326$z02-02-06 996 $aContenuto manageriale del lavoro nella piccola e media impresa$91746941 997 $aUNISALENTO 998 $ale025$b31-01-06$cm$da $e-$fita$git $h3$i0 LEADER 01643nam a2200361|i 4500 001 991003971539707536 005 20221020122540.0 008 020305s2001 it a e u 1 itau 020 $a8832345676 035 $ab11890216-39ule_inst 035 $aEXGIL150543$9ExL 040 $aBiblioteca Interfacoltà$bita 082 04$a378.45211 082 04$a065.21 245 10$aMilano e l'accademia scientifico-letteraria :$bstudi in onore di Maurizio Vitale /$ca cura di G. Barbarisi, E. Decleva, S. Morgana 260 0 $aMilano :$bCisalpino,$cc2001 300 $a2 v. ;$c24 cm. 490 0 $aQuaderni di Acme ;$v47 500 $aIn testa al front.: Università degli studi di Milano, Facoltà di Lettere e Filosofia. 650 4$aMilano$xAccademia scientifico-letteraria$vStudi 650 4$aVitale, Maurizio$vScritti in onore 700 1 $aBarbarisi, Gennaro 700 1 $aDecleva, Enrico 700 1 $aMorgana, Silvia 907 $a.b11890216$b09-12-21$c07-01-03 912 $a991003971539707536 945 $aLE002 It. XVI N 2/I-$g1$i2002000018410$lle002$o-$pE0.00$q-$rl$s-$t0$u0$v0$w0$x0$y.i12147503$z07-01-03 945 $aLE002 It. XVI N 2/II$cv. 2.$g1$i2002000018427$lle002$o-$pE0.00$q-$rl$s-$t0$u0$v0$w0$x0$y.i12147515$z07-01-03 945 $aLE023 Fondo Brambilla 1387$g1$i2023000214619$lle023$o-$pE84.00$q-$rn$so$t0$u0$v0$w0$x0$y.i15989100$z09-12-21 945 $aLE023 Fondo Brambilla 1422$g1$i2023000214961$lle023$o-$pE35.30$q-$rn$so$t0$u0$v0$w0$x0$y.i1598929x$z09-12-21 996 $aMilano e l'Accademia scientifico-letteraria$9669716 997 $aUNISALENTO 998 $ale002$ale023$b01-01-02$cm$da$e-$fita$git$h0$i2